[Event "Thessaloniki White Tower op-B 43rd"]
[Site "Thessaloniki"]
[Date "2023.01.08"]
[Round "9"]
[White "Batsi, Lida"]
[Black "Tyritidis, Efthymios"]
[Result "1/2-1/2"]
[WhiteElo "1398"]
[BlackElo "1436"]
[PlyCount "102"]
[EventDate "2023.01.02"]
[EventType "swiss"]
[EventRounds "9"]
[EventCountry "GRE"]
[SourceTitle "CBM 212 Extra"]
[Source "ChessBase"]
[SourceDate "2023.03.31"]
[SourceVersion "1"]
[SourceVersionDate "2023.03.31"]
[SourceQuality "1"]

1. e4 e5 2. Nf3 Nc6 3. Bc4 Nf6 4. d3 Be7 5. Nc3 d6 6. a3 0-0 7. 0-0 Bg4 8. Be3 Nd4 9. Bxd4 exd4 10. Nd5 Nxd5 11. Bxd5 c6 12. Bb3 Bf6 13. h3 Bh5 14. g4 Bg6 15. Qd2 h6 16. Qf4 a5 17. Rfe1 a4 18. Ba2 Re8 19. e5 dxe5 20. Nxe5 Bxe5 21. Rxe5 Rxe5 22. Qxe5 Ra5 23. Qe2 Rb5 24. b4 axb3 25. Bxb3 h5 26. Re1 hxg4 27. Qe8+ Qxe8 28. Rxe8+ Kh7 29. hxg4 Rg5 30. f3 f5 31. Rd8 fxg4 32. Bg8+ Kh6 33. f4 Ra5 34. Be6 Bh5 35. Rxd4 Rxa3 36. Rd6 Kh7 37. Kf2 Rc3 38. Bb3 g3+ 39. Kxg3 Bd1 40. Rd7 b5 41. f5 Kh6 42. Kf4 Bxc2 43. Rd6+ Kh7 44. Bxc2 Rxc2 45. Rd7 Kg8 46. Rb7 Rc5 47. Ke4 Rd5 48. d4 Rd6 49. Ke5 Rd8 50. Rb6 Rd5+ 51. Ke4 Rd6 1/2-1/2

[Event "GRE-chT 49th"]
[Site "Thessaloniki"]
[Date "2022.08.17"]
[Round "7"]
[White "Mar, Karmen"]
[Black "Batsi, Lida"]
[Result "1-0"]
[WhiteElo "2007"]
[BlackElo "1439"]
[PlyCount "155"]
[EventDate "2022.08.12"]
[EventType "team-swiss"]
[EventRounds "7"]
[EventCountry "GRE"]
[SourceTitle "EXT 2024"]
[Source "ChessBase"]
[SourceDate "2023.10.10"]
[SourceVersion "1"]
[SourceVersionDate "2023.10.10"]
[SourceQuality "1"]
[WhiteTeam "Polygyrou ASO"]
[BlackTeam "Thessaloniki Sach"]
[WhiteTeamCountry "GRE"]
[BlackTeamCountry "GRE"]

1. e4 e5 2. Nf3 Nf6 3. Nxe5 d6 4. Nf3 Nxe4 5. Bd3 d5 6. 0-0 Bd6 7. c3 0-0 8. Re1 f5 9. Bc2 c5 10. d3 Nf6 11. Nbd2 Nc6 12. Nf1 f4 13. h3 Re8 14. Bd2 Rxe1 15. Qxe1 Bd7 16. Bb3 Qc7 17. N1h2 Re8 18. Qf1 Na5 19. Bc2 Nc6 20. Re1 Qd8 21. Bb3 Rxe1 22. Qxe1 Na5 23. Bc2 Nc6 24. Qc1 Qc7 25. a3 a6 26. Bb3 Na5 27. Ba2 c4 28. Bb1 Nb3 29. Qe1 Nxd2 30. Nxd2 b5 31. Nhf3 Qb8 32. Nd4 Qe8 33. Qd1 Bc5 34. N2f3 Bb6 35. Qd2 Bc7 36. Ne2 Nh5 37. dxc4 dxc4 38. Qd5+ Be6 39. Qb7 Qc8 40. Qc6 Nf6 41. Qc5 Qd8 42. Ned4 Bd5 43. Qa7 Bxf3 44. gxf3 Bb6 45. Qxa6 Bxd4 46. cxd4 Qxd4 47. Qc8+ Kf7 48. Bf5 Qd5 49. Qc7+ Kf8 50. Qxf4 Qd1+ 51. Kg2 Qd5 52. Bxh7 Qh5 53. Bf5 Kf7 54. Qc7+ Kf8 55. Qd6+ Kf7 56. Qe6+ Kf8 57. Qc8+ Kf7 58. Be6+ Kg6 59. Bg4 Qg5 60. Qc6 Kh7 61. Qe6 Nxg4 62. fxg4 Qd2 63. Qf5+ Kh8 64. Qxb5 Qd4 65. a4 Qe4+ 66. Kg3 Qd3+ 67. Kh4 Qd8+ 68. Kh5 Qf6 69. Qg5 Qxb2 70. a5 Qxf2 71. a6 Qf7+ 72. Qg6 Qd5+ 73. Qf5 Qc6 74. g5 Qxa6 75. g6 Qa8 76. Kg4 Qg2+ 77. Kh4 Qa8 78. Qh5+ 1-0

[Event "GRE-chT 49th"]
[Site "Thessaloniki"]
[Date "2022.08.14"]
[Round "4.9"]
[White "Mihailidou, Magdalini"]
[Black "Batsi, Lida"]
[Result "1-0"]
[WhiteElo "1804"]
[BlackElo "1439"]
[PlyCount "111"]
[EventDate "2022.08.12"]
[EventType "team-swiss"]
[EventRounds "7"]
[EventCountry "GRE"]
[SourceTitle "CBM 209 Extra"]
[Source "ChessBase"]
[SourceDate "2022.09.30"]
[SourceVersion "1"]
[SourceVersionDate "2022.09.30"]
[SourceQuality "1"]
[WhiteTeam "Pneemathlon"]
[BlackTeam "Thessaloniki Sach"]
[WhiteTeamCountry "GRE"]
[BlackTeamCountry "GRE"]

1. e4 e5 2. d4 exd4 3. Qxd4 Nc6 4. Qe3 d6 5. Bd2 Nf6 6. Nc3 Be7 7. 0-0-0 0-0 8. f4 Ng4 9. Qe1 f5 10. Bc4+ Kh8 11. h3 Nf6 12. e5 Ne4 13. Nxe4 fxe4 14. Qxe4 Bf5 15. Qe1 d5 16. Bc3 Be4 17. Nf3 Rf6 18. f5 Rxf5 19. Bb3 Rf4 20. Qg3 a5 21. Qg4 Rf8 22. e6 Bf6 23. Bxf6 Qxf6 24. Bxd5 Bxd5 25. Rxd5 Rae8 26. Re1 Qf4+ 27. Qxf4 Rxf4 28. Rd7 Rf6 29. Rxc7 h6 30. e7 Rf7 31. Rxb7 Rfxe7 32. Rexe7 Nxe7 33. Ne5 Nf5 34. Nc6 a4 35. Rb8 Rxb8 36. Nxb8 Ne3 37. g4 Kg8 38. Nd7 Nd5 39. c4 Nb4 40. a3 Na6 41. c5 Kf7 42. c6 Ke7 43. Nb6 Kd6 44. Nxa4 Kxc6 45. Kc2 Kb5 46. Nc3+ Kc4 47. b4 Nc7 48. b5 Kc5 49. a4 Ne6 50. Ne4+ Kb6 51. Kc3 g5 52. Kb4 Nf4 53. a5+ Ka7 54. b6+ Ka8 55. a6 Ne6 56. Nc5 1-0

[Event "Thessaloniki-Chalkidiki CupT"]
[Site "Thessaloniki"]
[Date "2019.02.09"]
[Round "1.4"]
[White "Hristoforidis, Hristoforos"]
[Black "Batsi, Lida"]
[Result "0-1"]
[WhiteElo "1613"]
[BlackElo "1373"]
[PlyCount "88"]
[EventDate "2019.02.09"]
[EventType "team-swiss"]
[EventRounds "5"]
[EventCountry "GRE"]
[SourceTitle "EXT 2021"]
[Source "ChessBase"]
[SourceDate "2020.10.23"]
[SourceVersion "1"]
[SourceVersionDate "2020.10.23"]
[SourceQuality "1"]

1. d4 Nf6 2. Bf4 e6 3. e3 c5 4. c3 b6 5. Bd3 Bb7 6. Nf3 Be7 7. Nbd2 cxd4 8. exd4 d6 9. 0-0 Nbd7 10. Qe2 0-0 11. Ng5 Re8 12. Nge4 Nxe4 13. Nxe4 Nf8 14. Bb5 Ng6 15. Bg3 Rf8 16. h3 a6 17. Bd3 Qc7 18. Nd2 Rfe8 19. Qh5 Qc6 20. Be4 Qc7 21. Bd3 Qc6 22. Be4 Qc7 23. Bxb7 Qxb7 24. f4 b5 25. Nf3 h6 26. f5 Qd5 27. Nh4 Nxh4 28. Bxh4 Bxh4 29. Qxh4 exf5 30. Qh5 Qe6 31. Rxf5 g6 32. Qxh6 Qxf5 33. Rf1 Qe6 34. Kh1 Qe3 35. Qh4 Re7 36. Qf6 Qe6 37. Qf4 Rae8 38. Rf3 Kg7 39. b3 Qe1+ 40. Kh2 Qe6 41. Qg5 Rh8 42. Rg3 Qf6 43. Qd2 Rhe8 44. Rf3 Qxf3 0-1